[Event "23rd Alekhine Master 2019"]
[Site "Voronezh"]
[Date "2019.06.20"]
[Round "8.5"]
[White "Savchenko, Boris"]
[Black "Svetushkin, Dmitry"]
[Result "1-0"]
[WhiteElo "2567"]
[BlackElo "2532"]
[Annotator "ChessBase"]
[PlyCount "77"]
[EventDate "2019.06.12"]
[EventType "swiss"]
[EventCountry "RUS"]
[SourceTitle "playchess.com"]
[Source "ChessBase"]
[SourceQuality "1"]
[TimeControl "40/5400+30:1800+30"]

1. Nf3 {[%emt 0:07:16]} d5 {[%emt 0:01:16]} 2. g3 {[%emt 0:00:16]} c6 {[%emt 0:00:12]} 3. Bg2 {[%emt 0:00:07]} Bg4 {[%emt 0:00:05]} 4. c4 {[%emt 0:00:05]} e6 {[%emt 0:00:06]} 5. cxd5 {[%emt 0:00:11]} Bxf3 {[%emt 0:00:16]} 6. Bxf3 {[%emt 0:00:06]} cxd5 {[%emt 0:00:05]} 7. O-O {[%emt 0:00:49]} Nc6 {[%emt 0:00:13]} 8. a3 {[%emt 0:12:19]} Be7 {[%emt 0:07:11]} 9. e3 {[%emt 0:10:23]} Nf6 {[%emt 0:02:28]} 10. b3 {[%emt 0:01:27]} h5 {[%emt 0:11:52]} 11. Bb2 {[%emt 0:03:13]} Qd7 {[%emt 0:10:00]} 12. d3 {[%emt 0:00:33]} Bd6 {[%emt 0:11:08]} 13. Nd2 {[%emt 0:05:50]} h4 {[%emt 0:01:27]} 14. b4 {[%emt 0:01:45]} hxg3 {[%emt 0:00:46]} 15. hxg3 {[%emt 0:02:25]} e5 {[%emt 0:03:43]} 16. Rc1 {[%emt 0:04:41]} Qh3 {[%emt 0:06:52]} 17. Re1 {[%emt 0:00:13]} Ng4 {[%emt 0:16:52]} 18. Bg2 {[%emt 0:09:44]} Qh5 {[%emt 0:01:34]} 19. Qa4 {[%emt 0:19:16]} O-O {[%emt 0:01:13]} 20. Qb5 {[%emt 0:09:20]} Ne7 {[%emt 0:01:02]} 21. Nf1 {[%emt 0:06:23]} a6 {[%emt 0:07:03]} 22. Qxb7 {[%emt 0:02:37]} Nxf2 {[%emt 0:00:21]} 23. Kxf2 {[%emt 0:01:45]} Qf5+ {[%emt 0:01:34]} 24. Kg1 {[%emt 0:00:16]} Rfb8 {[%emt 0:09:36]} 25. e4 {[%emt 0:00:16]} Qe6 {[%emt 0:02:27]} 26. exd5 {[%emt 0:00:10]} Qf5 {[%emt 0:00:53]} 27. Ne3 {[%emt 0:00:20]} Rxb7 {[%emt 0:00:21]} 28. Nxf5 {[%emt 0:00:06]} Nxf5 {[%emt 0:00:03]} 29. Rc6 {[%emt 0:02:03]} Rd8 {[%emt 0:01:52]} 30. Rxa6 {[%emt 0:00:33]} Nd4 {[%emt 0:00:20]} 31. Kf2 {[%emt 0:00:27]} f5 {[%emt 0:00:40]} 32. Rxd6 {[%emt 0:00:28]} Rxd6 {[%emt 0:00:08]} 33. Rxe5 {[%emt 0:00:04]} Nb5 {[%emt 0:00:20]} 34. a4 {[%emt 0:00:31]} Nc7 {[%emt 0:01:37]} 35. Re7 {[%emt 0:00:52]} Kf8 {[%emt 0:00:52]} 36. Rxg7 {[%emt 0:00:16]} Rxb4 {[%emt 0:00:06]} 37. Be5 {[%emt 0:00:12]} Rxd5 {[%emt 0:01:00]} 38. Bxd5 {[%emt 0:00:23]} Nxd5 {[%emt 0:00:03]} 39. Rd7 {[%emt 0:00:20]} 1-0

[Event "23rd Alekhine Master 2019"]
[Site "Voronezh"]
[Date "2019.06.20"]
[Round "8.6"]
[White "Goganov, Aleksey"]
[Black "Visakh N R"]
[Result "0-1"]
[WhiteElo "2559"]
[BlackElo "2518"]
[Annotator "ChessBase"]
[PlyCount "92"]
[EventDate "2019.06.12"]
[EventType "swiss"]
[EventCountry "RUS"]
[SourceTitle "playchess.com"]
[Source "ChessBase"]
[SourceQuality "1"]
[TimeControl "40/5400+30:1800+30"]

1. d4 {[%emt 0:00:00]} Nf6 {[%emt 0:02:51]} 2. c4 {[%emt 0:00:00]} e6 {[%emt 0:00:16]} 3. Nf3 {[%emt 0:00:00]} d5 {[%emt 0:00:06]} 4. g3 {[%emt 0:00:00]} Bb4+ {[%emt 0:00:04]} 5. Bd2 {[%emt 0:00:00]} Bd6 {[%emt 0:00:02]} 6. Bg2 {[%emt 0:00:08]} c6 {[%emt 0:01:32]} 7. O-O {[%emt 0:00:41]} O-O {[%emt 0:01:21]} 8. Bg5 {[%emt 0:02:09]} Nbd7 {[%emt 0:00:33]} 9. Nc3 {[%emt 0:13:41]} h6 {[%emt 0:10:49]} 10. Bxf6 {[%emt 0:02:05]} Nxf6 {[%emt 0:00:03]} 11. Qd3 {[%emt 0:19:53]} b6 {[%emt 0:17:35]} 12. e4 {[%emt 0:00:06]} Ba6 {[%emt 0:01:14]} 13. e5 {[%emt 0:01:22]} Bxc4 {[%emt 0:00:05]} 14. Qe3 {[%emt 0:04:37]} Bxf1 {[%emt 0:00:52]} 15. Rxf1 {[%emt 0:01:10]} Be7 {[%emt 0:00:10]} 16. exf6 {[%emt 0:00:04]} Bxf6 {[%emt 0:00:03]} 17. Ne2 {[%emt 0:02:17]} Rc8 {[%emt 0:00:36]} 18. Ne5 {[%emt 0:04:33]} c5 {[%emt 0:00:59]} 19. f4 {[%emt 0:01:05]} Qd6 {[%emt 0:10:56]} 20. h4 {[%emt 0:07:18]} cxd4 {[%emt 0:10:04]} 21. Nxd4 {[%emt 0:00:17]} Qb4 {[%emt 0:01:11]} 22. Rf2 {[%emt 0:02:38]} Bxe5 {[%emt 0:02:45]} 23. fxe5 {[%emt 0:00:50]} Qc4 {[%emt 0:00:58]} 24. Kh2 {[%emt 0:08:14]} Qxa2 {[%emt 0:01:27]} 25. g4 {[%emt 0:01:19]} Qb1 {[%emt 0:00:43]} 26. g5 {[%emt 0:01:16]} hxg5 {[%emt 0:00:33]} 27. Qxg5 {[%emt 0:03:34]} Qh7 {[%emt 0:01:34]} 28. Rf4 {[%emt 0:04:51]} Qh6 {[%emt 0:02:55]} 29. Qg3 {[%emt 0:00:41]} Rc1 {[%emt 0:03:17]} 30. Rf6 {[%emt 0:01:16]} Qd2 {[%emt 0:03:02]} 31. Rf4 {[%emt 0:04:23]} Rc4 {[%emt 0:06:11]} 32. Qg4 {[%emt 0:01:17]} Qe3 {[%emt 0:02:24]} 33. b3 {[%emt 0:00:04]} Rxd4 {[%emt 0:02:36]} 34. Rxd4 {[%emt 0:00:05]} Qxe5+ {[%emt 0:00:02]} 35. Kh1 {[%emt 0:02:57]} Qe1+ {[%emt 0:00:20]} 36. Kh2 {[%emt 0:00:03]} Qe5+ {[%emt 0:00:03]} 37. Kh1 {[%emt 0:00:04]} f5 {[%emt 0:01:55]} 38. Qd1 {[%emt 0:00:09]} Rc8 {[%emt 0:00:36]} 39. Qd2 {[%emt 0:01:38]} Qg3 {[%emt 0:01:02]} 40. b4 {[%emt 0:00:00]} Rc3 {[%emt 0:00:00]} 41. Kg1 {[%emt 0:08:05]} Ra3 {[%emt 0:04:22]} 42. Rf4 {[%emt 0:01:24]} Ra1+ {[%emt 0:00:37]} 43. Rf1 {[%emt 0:00:04]} Rxf1+ {[%emt 0:00:03]} 44. Kxf1 {[%emt 0:00:05]} Qxh4 {[%emt 0:00:07]} 45. Qb2 {[%emt 0:02:14]} Qf4+ {[%emt 0:00:25]} 46. Kg1 {[%emt 0:00:07]} Qe3+ {[%emt 0:01:12]} 0-1

[Event "23rd Alekhine Master 2019"]
[Site "Voronezh"]
[Date "2019.06.20"]
[Round "8.7"]
[White "Golubov, Saveliy"]
[Black "Fedorov, Alexei"]
[Result "1/2-1/2"]
[WhiteElo "2460"]
[BlackElo "2553"]
[Annotator "TA"]
[PlyCount "40"]
[EventDate "2019.06.12"]
[EventType "swiss"]
[EventCountry "RUS"]
[SourceTitle "playchess.com"]
[Source "ChessBase"]
[SourceQuality "1"]

{[%evp 11,40,0,0,0,0,0,2,-4,-14,-19,-2,-11,-5,-9,-2,-4,-7,-11,-4,-3,-5,-4,-5,-16,-8,-18,0,-25,0,-13,0]} 1. d4 Nf6 2. Nf3 g6 3. Bf4 Bg7 4. e3 O-O 5. h3 d6 6. Be2 Nc6 7. Bh2 {[#] A48: 1 d4 Nf6 2 Nf3 g6: Torre, London and Colle Systems} e5 $1 {[%mdl 512]} 8. O-O {[%cal Rd4e5]} (8. dxe5 Ne4) 8... exd4 9. exd4 Re8 10. Nc3 Bf5 11. Bd3 Bxd3 $146 ({Predecessor:} 11... Qc8 12. a3 Bxd3 13. Qxd3 a6 14. Bf4 Ne7 15. Rae1 {1-0 (57) Nguyen,N (2634)-Gallagher,J (2473) Tromsoe 2014}) 12. Qxd3 Qd7 13. Rfe1 a6 14. a3 Rxe1+ 15. Rxe1 Re8 16. Rxe8+ Qxe8 17. Qe2 Qd7 18. Qd3 Qe8 19. Qe2 Qd7 20. Qd3 Qe8 {Accuracy: White = 71%, Black = 40%.} 1/2-1/2

[Event "23rd Alekhine Master 2019"]
[Site "Voronezh"]
[Date "2019.06.20"]
[Round "8.8"]
[White "Rozum, Ivan"]
[Black "Zakhartsov, Vladimir"]
[Result "1-0"]
[WhiteElo "2572"]
[BlackElo "2480"]
[Annotator "ChessBase"]
[PlyCount "161"]
[EventDate "2019.06.12"]
[EventType "swiss"]
[EventCountry "RUS"]
[SourceTitle "playchess.com"]
[Source "ChessBase"]
[SourceQuality "1"]
[TimeControl "40/5400+30:1800+30"]

1. d4 {[%emt 0:06:18]} Nf6 {[%emt 0:01:16]} 2. Nf3 {[%emt 0:00:07]} e6 {[%emt 0:01:30]} 3. c4 {[%emt 0:00:06]} b6 {[%emt 0:00:10]} 4. g3 {[%emt 0:00:06]} Ba6 {[%emt 0:00:05]} 5. Qa4 {[%emt 0:00:25]} Bb7 {[%emt 0:00:27]} 6. Bg2 {[%emt 0:00:02]} c5 {[%emt 0:00:18]} 7. dxc5 {[%emt 0:00:05]} bxc5 {[%emt 0:00:08]} 8. O-O {[%emt 0:00:06]} Be7 {[%emt 0:00:15]} 9. Nc3 {[%emt 0:00:05]} O-O {[%emt 0:00:16]} 10. Rd1 {[%emt 0:00:02]} Qb6 {[%emt 0:00:57]} 11. Bf4 {[%emt 0:00:09]} d6 {[%emt 0:00:16]} 12. Rab1 {[%emt 0:00:06]} Nbd7 {[%emt 0:00:11]} 13. b4 {[%emt 0:00:08]} Rfb8 {[%emt 0:00:05]} 14. Be3 {[%emt 0:00:12]} Bc6 {[%emt 0:14:55]} 15. Qc2 {[%emt 0:00:07]} Qc7 {[%emt 0:00:59]} 16. b5 {[%emt 0:00:08]} Bb7 {[%emt 0:00:13]} 17. a4 {[%emt 0:00:06]} Rd8 {[%emt 0:02:07]} 18. Bf4 {[%emt 0:05:30]} h6 {[%emt 0:02:12]} 19. h3 {[%emt 0:10:08]} Nh5 {[%emt 0:04:29]} 20. Bc1 {[%emt 0:08:05]} Nhf6 {[%emt 0:00:47]} 21. e4 {[%emt 0:02:45]} a5 {[%emt 0:01:47]} 22. Qe2 {[%emt 0:03:51]} Bf8 {[%emt 0:03:24]} 23. Bf4 {[%emt 0:04:09]} Nh5 {[%emt 0:00:26]} 24. Bd2 {[%emt 0:00:43]} Nhf6 {[%emt 0:00:20]} 25. Be1 {[%emt 0:00:31]} Nb6 {[%emt 0:05:19]} 26. Nd2 {[%emt 0:04:31]} d5 {[%emt 0:01:23]} 27. cxd5 {[%emt 0:02:00]} exd5 {[%emt 0:00:13]} 28. exd5 {[%emt 0:00:33]} c4 {[%emt 0:02:51]} 29. d6 {[%emt 0:01:26]} Rxd6 {[%emt 0:00:16]} 30. Bxb7 {[%emt 0:00:14]} Qxb7 {[%emt 0:00:08]} 31. Nxc4 {[%emt 0:02:20]} Re6 {[%emt 0:01:17]} 32. Qd3 {[%emt 0:01:42]} Nxc4 {[%emt 0:00:15]} 33. Qxc4 {[%emt 0:00:05]} Rae8 {[%emt 0:00:21]} 34. Bd2 {[%emt 0:22:54]} Bb4 {[%emt 0:02:32]} 35. Rbc1 {[%emt 0:03:55]} Rd6 {[%emt 0:13:17]} 36. Be3 {[%emt 0:03:31]} Rc8 {[%emt 0:11:01]} 37. Qb3 {[%emt 0:05:41]} Rxd1+ {[%emt 0:07:56]} 38. Nxd1 {[%emt 0:01:08]} Rxc1 {[%emt 0:00:10]} 39. Bxc1 {[%emt 0:00:04]} Qc8 {[%emt 0:00:04]} 40. Bb2 {[%emt 0:00:00]} Ne4 {[%emt 0:00:00]} 41. Qd3 {[%emt 0:07:03]} Nc5 {[%emt 0:07:25]} 42. Qd4 {[%emt 0:00:50]} Ne6 {[%emt 0:00:14]} 43. Qd5 {[%emt 0:01:54]} Nc5 {[%emt 0:00:39]} 44. Bd4 {[%emt 0:06:39]} Nxa4 {[%emt 0:10:02]} 45. b6 {[%emt 0:00:05]} Nxb6 {[%emt 0:02:58]} 46. Bxb6 {[%emt 0:01:08]} a4 {[%emt 0:01:46]} 47. Qb5 {[%emt 0:04:00]} Bf8 {[%emt 0:00:11]} 48. Qxa4 {[%emt 0:00:38]} Qxh3 {[%emt 0:00:06]} 49. Qe8 {[%emt 0:01:17]} Qf5 {[%emt 0:00:26]} 50. Qd8 {[%emt 0:00:37]} Qe5 {[%emt 0:00:23]} 51. Ne3 {[%emt 0:00:14]} Qe7 {[%emt 0:00:12]} 52. Qxe7 {[%emt 0:03:05]} Bxe7 {[%emt 0:00:33]} 53. Bd4 {[%emt 0:00:04]} h5 {[%emt 0:00:44]} 54. Kg2 {[%emt 0:00:46]} Kh7 {[%emt 0:02:49]} 55. Kf3 {[%emt 0:00:21]} Bd8 {[%emt 0:01:52]} 56. Nd5 {[%emt 0:01:16]} f5 {[%emt 0:00:59]} 57. Kf4 {[%emt 0:04:26]} Kg6 {[%emt 0:00:41]} 58. Bc5 {[%emt 0:03:55]} Bg5+ {[%emt 0:01:08]} 59. Ke5 {[%emt 0:00:07]} h4 {[%emt 0:00:31]} 60. gxh4 {[%emt 0:01:20]} Bxh4 {[%emt 0:00:08]} 61. Ne7+ {[%emt 0:00:12]} Kf7 {[%emt 0:00:22]} 62. Nxf5 {[%emt 0:00:05]} Bf6+ {[%emt 0:00:05]} 63. Ke4 {[%emt 0:00:14]} g6 {[%emt 0:00:08]} 64. Ne3 {[%emt 0:00:09]} Ke6 {[%emt 0:00:10]} 65. Ng4 {[%emt 0:00:10]} Bd8 {[%emt 0:00:15]} 66. Bd4 {[%emt 0:01:15]} Bc7 {[%emt 0:00:17]} 67. Ne5 {[%emt 0:00:09]} Kf6 {[%emt 0:00:29]} 68. Nf3+ {[%emt 0:00:04]} Ke6 {[%emt 0:00:16]} 69. Ng5+ {[%emt 0:00:08]} Ke7 {[%emt 0:00:04]} 70. Kd5 {[%emt 0:00:17]} Bf4 {[%emt 0:00:15]} 71. Nf3 {[%emt 0:00:25]} Bc7 {[%emt 0:00:22]} 72. Ne1 {[%emt 0:01:08]} Kf7 {[%emt 0:01:16]} 73. Nd3 {[%emt 0:00:17]} Ke7 {[%emt 0:00:14]} 74. Nb4 {[%emt 0:00:44]} Kf7 {[%emt 0:00:17]} 75. Nc6 {[%emt 0:00:08]} g5 {[%emt 0:00:18]} 76. Ne5+ {[%emt 0:00:28]} Kf6 {[%emt 0:00:06]} 77. Ke4 {[%emt 0:00:06]} Ke6 {[%emt 0:00:15]} 78. f3 {[%emt 0:00:19]} Bd8 {[%emt 0:00:16]} 79. Nc6 {[%emt 0:00:12]} Bc7 {[%emt 0:00:07]} 80. Be5 {[%emt 0:00:52]} Bb6 {[%emt 0:00:06]} 81. Nd4+ {[%emt 0:00:07] Kd5+} 1-0

[Event "23rd Alekhine Master 2019"]
[Site "Voronezh"]
[Date "2019.06.20"]
[Round "8.9"]
[White "Omelja, Artem"]
[Black "Shaposhnikov, Evgeny"]
[Result "0-1"]
[WhiteElo "2451"]
[BlackElo "2572"]
[Annotator "TA"]
[PlyCount "68"]
[EventDate "2019.06.12"]
[EventType "swiss"]
[EventCountry "RUS"]
[SourceTitle "playchess.com"]
[Source "ChessBase"]
[SourceQuality "1"]

{[%evp 27,68,54,58,50,54,41,58,32,55,9,15,10,28,24,28,25,33,25,14,24,34,-18,-17,-15,-11,-35,-10,-23,-31,-75,-97,-117,-118,-513,-501,-512,-505,-1052,-1033,-977,-646,-29996,-122]} 1. Nf3 c5 2. c4 Nc6 3. d4 cxd4 4. Nxd4 g6 5. e4 Nf6 6. Nc3 d6 7. Be2 Nxd4 8. Qxd4 Bg7 9. Be3 O-O 10. Qd2 Bd7 11. O-O Bc6 12. f3 a5 13. Rab1 Nd7 14. b3 Nc5 15. Rfc1 {B39: Sicilian: Maroczy Bind with 5...Bg7 and 7...Ng4} (15. Rfd1 Qc7 16. Bf1 Rfc8 17. Kh1 Qb6 18. a3 Qc7 19. Nd5 Qd8 20. Bg5 Bxd5 21. exd5 a4 22. b4 Nb3 23. Qe3 Bf6 {0-1 (51) Bu,X (2722)-Jones,G (2622) Hengshui 2019}) 15... Be5 16. Bf1 e6 17. Ne2 {White is slightly better.} Qh4 $146 ({Predecessor:} 17... f5 18. exf5 Rxf5 19. Nd4 Bxh2+ 20. Kxh2 Qh4+ 21. Kg1 Rh5 22. Nxc6 Ne4 {1-0 (33) Sanchez Alvarez,K (2273)-Diaz,J (2071) Valencia 2017}) 18. Bf4 (18. g3 {feels hotter.} Qe7 19. Bg2 Rfd8 20. Nd4 Bd7 21. Rd1) 18... Bxf4 19. Qxf4 Qe7 20. Rd1 Rad8 21. Qe3 e5 22. Rd2 f5 23. exf5 gxf5 24. f4 (24. Nc3 $14) 24... Ne4 $36 {[%mdl 2048] Black fights for an advantage.} 25. Rdd1 Qg7 26. Re1 Rde8 27. Rbd1 Re6 28. c5 Nxc5 29. fxe5 Rxe5 30. Qc1 $2 {[%mdl 8192] [#]} (30. Qd2 $17 {is more resistant.}) 30... f4 $1 $19 {[%mdl 512]} 31. Qc4+ (31. Nxf4 Rxe1) 31... Kh8 {Hoping for ...Bxg2!} 32. Nd4 (32. Nxf4 $142 Rxe1 33. Rxe1) 32... Rxe1 33. Rxe1 f3 34. Re3 f2+ 0-1

[Event "23rd Alekhine Master 2019"]
[Site "Voronezh"]
[Date "2019.06.20"]
[Round "8.10"]
[White "Iljiushenok, Ilia"]
[Black "Kabanov, Nikolai"]
[Result "1/2-1/2"]
[WhiteElo "2549"]
[BlackElo "2455"]
[Annotator "ChessBase"]
[PlyCount "87"]
[EventDate "2019.06.12"]
[EventType "swiss"]
[EventCountry "RUS"]
[SourceTitle "playchess.com"]
[Source "ChessBase"]
[SourceQuality "1"]
[TimeControl "40/5400+30:1800+30"]

1. e4 {[%emt 0:00:00]} e5 {[%emt 0:00:00]} 2. Nf3 {[%emt 0:00:02]} Nc6 {[%emt 0:00:00]} 3. Bb5 {[%emt 0:00:13]} a6 {[%emt 0:01:45]} 4. Ba4 {[%emt 0:00:18]} Nf6 {[%emt 0:00:32]} 5. O-O {[%emt 0:00:32]} b5 {[%emt 0:02:22]} 6. Bb3 {[%emt 0:00:04]} Bc5 {[%emt 0:00:33]} 7. c3 {[%emt 0:00:52]} d6 {[%emt 0:04:32]} 8. d4 {[%emt 0:00:10]} Bb6 {[%emt 0:00:16]} 9. a4 {[%emt 0:01:14]} Rb8 {[%emt 0:00:23]} 10. Bg5 {[%emt 0:09:01]} h6 {[%emt 0:07:44]} 11. Bh4 {[%emt 0:07:18]} Bg4 {[%emt 0:07:18]} 12. axb5 {[%emt 0:02:24]} axb5 {[%emt 0:04:58]} 13. Qd3 {[%emt 0:42:36]} Bxf3 {[%emt 0:04:18]} 14. Bd5 {[%emt 0:01:43]} Nxd4 {[%emt 0:13:03]} 15. cxd4 {[%emt 0:01:22]} Bg4 {[%emt 0:01:28]} 16. dxe5 {[%emt 0:03:03]} dxe5 {[%emt 0:01:28]} 17. Qg3 {[%emt 0:01:20]} g5 {[%emt 0:09:16]} 18. Qxe5+ {[%emt 0:00:11]} Kf8 {[%emt 0:04:55]} 19. Bg3 {[%emt 0:00:29]} Kg7 {[%emt 0:00:50]} 20. b4 {[%emt 0:06:19]} Re8 {[%emt 0:02:27]} 21. Qb2 {[%emt 0:00:22]} Kg8 {[%emt 0:07:08]} 22. Nc3 {[%emt 0:00:21]} Bd4 {[%emt 0:01:05]} 23. Qb3 {[%emt 0:00:54]} Nxd5 {[%emt 0:02:07]} 24. Nxd5 {[%emt 0:00:20]} Rc8 {[%emt 0:04:57]} 25. Rae1 {[%emt 0:14:24]} c6 {[%emt 0:01:18]} 26. Ne3 {[%emt 0:00:02]} Be6 {[%emt 0:00:33]} 27. Qb1 {[%emt 0:00:01]} Ra8 {[%emt 0:02:40]} 28. e5 {[%emt 0:00:54]} Qb6 {[%emt 0:01:55]} 29. Nf5 {[%emt 0:02:24]} Bxf5 {[%emt 0:02:14]} 30. Qxf5 {[%emt 0:00:02]} Re6 {[%emt 0:00:24]} 31. h4 {[%emt 0:01:50]} Qd8 {[%emt 0:03:58]} 32. Re4 {[%emt 0:00:57]} Ra1 {[%emt 0:02:16]} 33. Rxa1 {[%emt 0:02:42]} Bxa1 {[%emt 0:00:03]} 34. Rg4 {[%emt 0:00:20]} Bxe5 {[%emt 0:04:08]} 35. hxg5 {[%emt 0:00:10]} Qd1+ {[%emt 0:00:52]} 36. Kh2 {[%emt 0:00:03]} Bxg3+ {[%emt 0:00:10]} 37. Rxg3 {[%emt 0:00:25]} hxg5 {[%emt 0:00:41]} 38. Rxg5+ {[%emt 0:00:24]} Kf8 {[%emt 0:00:11]} 39. Rh5 {[%emt 0:01:02]} Qd6+ {[%emt 0:00:53]} 40. g3 {[%emt 0:00:00]} Rh6 {[%emt 0:00:00]} 41. Qc8+ {[%emt 0:03:46]} Ke7 {[%emt 0:03:10]} 42. Qb7+ {[%emt 0:00:21]} Kf8 {[%emt 0:00:35]} 43. Qc8+ {[%emt 0:00:14]} Ke7 {[%emt 0:00:06]} 44. Qb7+ {[%emt 0:00:15]} 1/2-1/2

[Event "23rd Alekhine Master 2019"]
[Site "Voronezh"]
[Date "2019.06.20"]
[Round "8.11"]
[White "Puranik, Abhimanyu"]
[Black "Krapivin, Alexander"]
[Result "1-0"]
[WhiteElo "2548"]
[BlackElo "2431"]
[Annotator "TA"]
[PlyCount "41"]
[EventDate "2019.06.12"]
[EventType "swiss"]
[EventCountry "RUS"]
[SourceTitle "playchess.com"]
[Source "ChessBase"]
[SourceQuality "1"]

{[%evp 9,41,32,69,67,59,34,30,15,56,52,58,44,58,33,27,24,39,-26,67,81,72,74,60,0,0,0,0,0,0,0,0,0,647,619]} 1. e4 c5 2. Nf3 e6 3. Nc3 Nc6 4. Bb5 Be7 (4... Nd4 5. O-O a6 6. Bd3 Nc6 7. b3 Nge7 8. Bb2 Ng6 9. Re1 Be7 10. Nd5 exd5 11. exd5 O-O 12. dxc6 dxc6 13. Bxg6 hxg6 14. a4 {½-½ (81) Grischuk,A (2772)-Harikrishna,P (2744) Huaian 2017}) 5. O-O Nf6 6. e5 {B30: Sicilian: 2...Nc6 3 Bb5, lines without ...g6} Nd5 7. Nxd5 exd5 8. d4 {Black should prevent dxc5.White has an edge.} Qb6 9. Ba4 $146 ({Predecessor:} 9. c4 Nxd4 10. Nxd4 cxd4 11. Qb3 dxc4 12. Bxc4 Qxb3 13. axb3 {1-0 (25) Onischuk,A (2580)-Gregor,G Meisdorf 1996}) 9... cxd4 10. Bb3 O-O 11. Bxd5 d6 12. exd6 Bxd6 13. Ng5 (13. Bxc6 $14 bxc6 14. Qxd4) 13... Bf5 (13... h6 $11 14. Qh5 hxg5) 14. Nxf7 $14 {[%mdl 64] [#] Decoy} Rxf7 15. Bxf7+ Kxf7 16. Qh5+ ({White should try} 16. Qf3 $1 $14 Qb5 17. g4 {[%mdl 64] Pin}) 16... Bg6 $11 17. Qd5+ {[%mdl 64] Double Attack} Ke7 $1 {[#] Threatens to win with ...Nb4.} 18. Re1+ Kd7 $1 {Strongly threatening ...Rf8.} 19. Bf4 $1 Qc5 20. Re5 $1 Rf8 $2 {[%mdl 8192]} (20... Nxe5 $11 21. Qxb7+ {[%mdl 64] Double Attack} Bc7 22. Qxa8 Bxc2) 21. Qe6+ {Accuracy: White = 58%, Black = 49%.} 1-0

[Event "23rd Alekhine Master 2019"]
[Site "Voronezh"]
[Date "2019.06.20"]
[Round "8.12"]
[White "Moiseenko, Vadim"]
[Black "Schekachikhin, Maksim"]
[Result "1/2-1/2"]
[WhiteElo "2525"]
[BlackElo "2424"]
[Annotator "ChessBase"]
[PlyCount "80"]
[EventDate "2019.06.12"]
[EventType "swiss"]
[EventCountry "RUS"]
[SourceTitle "playchess.com"]
[Source "ChessBase"]
[SourceQuality "1"]
[TimeControl "40/5400+30:1800+30"]

1. d4 {[%emt 0:00:00]} Nf6 {[%emt 0:00:00]} 2. c4 {[%emt 0:00:02]} e6 {[%emt 0:00:06]} 3. Nc3 {[%emt 0:00:07]} Bb4 {[%emt 0:00:09]} 4. Nf3 {[%emt 0:00:11]} c5 {[%emt 0:05:49]} 5. e3 {[%emt 0:00:59]} O-O {[%emt 0:01:57]} 6. Bd2 {[%emt 0:00:08]} cxd4 {[%emt 0:01:54]} 7. Nxd4 {[%emt 0:00:26]} Nc6 {[%emt 0:02:08]} 8. a3 {[%emt 0:00:23]} Be7 {[%emt 0:02:35]} 9. Be2 {[%emt 0:06:33]} Nxd4 {[%emt 0:06:57]} 10. exd4 {[%emt 0:00:05]} d5 {[%emt 0:00:05]} 11. c5 {[%emt 0:01:53]} Bd7 {[%emt 0:07:10]} 12. Be3 {[%emt 0:15:33]} b6 {[%emt 0:06:30]} 13. O-O {[%emt 0:01:06]} bxc5 {[%emt 0:01:48]} 14. dxc5 {[%emt 0:00:04]} a5 {[%emt 0:00:07]} 15. b3 {[%emt 0:17:55]} Bc6 {[%emt 0:08:00]} 16. Bb5 {[%emt 0:08:18]} Bxb5 {[%emt 0:07:18]} 17. Nxb5 {[%emt 0:03:30]} Qd7 {[%emt 0:00:47]} 18. Nd4 {[%emt 0:02:57]} e5 {[%emt 0:05:15]} 19. c6 {[%emt 0:02:31]} Qc8 {[%emt 0:01:40]} 20. Nf3 {[%emt 0:00:12]} d4 {[%emt 0:01:55]} 21. Bg5 {[%emt 0:00:35]} h6 {[%emt 0:09:15]} 22. Bh4 {[%emt 0:00:56]} Qf5 {[%emt 0:03:53]} 23. Bg3 {[%emt 0:06:12]} Bd6 {[%emt 0:05:44]} 24. Nxd4 {[%emt 0:05:51]} exd4 {[%emt 0:00:26]} 25. Bxd6 {[%emt 0:00:03]} Rfd8 {[%emt 0:00:06]} 26. Bg3 {[%emt 0:03:42]} Ne4 {[%emt 0:01:48]} 27. Rc1 {[%emt 0:02:33]} Rac8 {[%emt 0:03:25]} 28. Rc4 {[%emt 0:01:40]} d3 {[%emt 0:01:32]} 29. Re1 {[%emt 0:02:22]} Nxg3 {[%emt 0:02:44]} 30. hxg3 {[%emt 0:00:09]} d2 {[%emt 0:05:51]} 31. Re2 {[%emt 0:02:24]} Qd3 {[%emt 0:00:13]} 32. Re3 {[%emt 0:07:23]} Qd5 {[%emt 0:01:57]} 33. Re2 {[%emt 0:02:01]} Qd3 {[%emt 0:01:07]} 34. Re3 {[%emt 0:00:13]} Qd5 {[%emt 0:01:28]} 35. Re2 {[%emt 0:00:05]} Qd3 {[%emt 0:04:08]} 36. Re3 {[%emt 0:00:02]} Qd5 {[%emt 0:00:05]} 37. Re2 {[%emt 0:00:05]} Qd3 {[%emt 0:00:03]} 38. Re3 {[%emt 0:00:09]} Qd5 {[%emt 0:00:02]} 39. Re2 {[%emt 0:00:05]} Qd3 {[%emt 0:00:04]} 40. Re3 {[%emt 0:00:00]} Qd5 {[%emt 0:00:00]} 1/2-1/2